US States with the Lowest Maximum Elevation - Statistics

General Stats
  • This quiz has been taken 15 times
  • The average score is 8 of 10
Answer Stats
Maximum Elevation (m) Answer % Correct
105 Florida
100%
163 Louisiana
100%
246 Mississippi
93%
247 Rhode Island
93%
509 Iowa
86%
136.5 Delaware
79%
376.4 Illinois
79%
383 Indiana
79%
472 Ohio
79%
540 Missouri
57%
No matching quizzes found
Score Distribution
Percent of People with Each Score
Percentile by Number Answered
Your Score History
You have not taken this quiz